000 00864nam a2200265Ia 4500
003 OSt
005 20220927110951.0
006 a|||||r|||| 00| 0
007 ta
008 220926b |||||||| |||| 00| 0 eng d
024 _a78968
037 _cReports
040 _aRTL
_cRTL
_beng
041 _2eng
_aeng
082 _a"X9(D6,8(J)p1,N79, L9/UN"
110 _aUnited Nations Industrial Development Organization
111 _aConsultation Meeting on the Agriculture Machinery Industry (1st) (1979 : )
_9380995
245 0 _aReport
_b First consultation meeting on the agricultural machinery industry
260 _aAustria
_bU N I D O
_c1979
300 _a38p.
_ccm.
650 _aMechanical
700 _aUnited Nations Industrial Development Organization
942 _h"X9(D6,8(J)p1,N79, L9/UN"
_cCC
999 _c698418
_d698418